Phương pháp luận nghiên cứu khoa học

Đã lưu trong:
书目详细资料
主要作者: Vũ, Cao Đàm
格式: 图书
语言:Vietnamese
出版: Khoa học Kỹ thuật 2006
标签: 添加标签
没有标签, 成为第一个标记此记录!
Thư viện lưu trữ: Mạng thư viện Đại học Đà Nẵng
LEADER 00641nam a2200253 4500
001 000021482
003 17930
005 20150421150457.0
008 150421s2006 viesd
020 |c 23.000 
041 0 |a vie 
082 1 4 |a 507,2  |b VŨ-Đ 
100 1 |a Vũ, Cao Đàm 
245 1 0 |a Phương pháp luận nghiên cứu khoa học  |c Vũ Cao Đàm 
260 |b Khoa học Kỹ thuật  |c 2006 
300 |a tr.  |c cm. 
OWN |a LSP 
999 |a From the UDN01 
TYP |a Monograph 
TYP |a Printed language 
980 |a Mạng thư viện Đại học Đà Nẵng